Sports Quiz

Random Sports Quiz

All Time Rugby Union XV by caps Quiz Stats

 Plays Quiz not verified by Sporcle

Challenge
Share
Tweet
Embed
Score 0/15 Timer 10:00
0 Plays Today
Position Name % Correct
FLRichie McCaw - New Zealand (148 caps)
93.4%
CBrian O'Driscoll - Ireland & Lions (141 caps)
92.2%
FHRonan O'Gara - Ireland & Lions (130 caps)
89.1%
SHGeorge Gregan - Australia (139 caps)
83.1%
WGBryan Habana - South Africa (117 caps)
80.6%
LKVictor Matfield - South Africa (127 caps)
76.5%
HKKeven Mealamu - New Zealand (132 caps)
71.1%
THPMartin Castrogiovanni - Italy (119 caps)
67%
Position Name % Correct
No 8Sergio Parisse - Italy (119 caps)
64.7%
FBPercy Montgomery - South Africa (102 caps)
64.1%
FLGeorge Smith - Australia (111 caps)
60.8%
LHPGethin Jenkins - Wales & Lions (130 caps)
55.9%
LKFabien Pelous - France (118 caps)
50.1%
CPhilippe Sella - France (111 caps)
47.8%
WGSean Lamont - Scotland (104 caps)
47.2%

You're not logged in!

Compare scores with friends on all Sporcle quizzes.
Join for Free
OR
Log In

You Might Also Like...

Show Comments

Extras

Top Quizzes Today


Score Distribution

Your Account Isn't Verified!

In order to create a playlist on Sporcle, you need to verify the email address you used during registration. Go to your Sporcle Settings to finish the process.

Report this User

Report this user for behavior that violates our Community Guidelines.

Details: